| 000 | 01328cam a2200313 a 4500 | ||
|---|---|---|---|
| 001 | 12835081 | ||
| 003 | OSt | ||
| 005 | 20211221112038.0 | ||
| 008 | 020627s2002 nyua b 001 0 eng | ||
| 010 | _a 2002068982 | ||
| 020 | _a0471360937 (acidfree paper) | ||
| 040 |
_aDLC _cHU _dDLC |
||
| 050 | 0 | 0 |
_aQA278 _b.A353 2002 |
| 082 | 0 | 0 |
_a519.5/35 _221 |
| 100 | 1 |
_aAgresti, Alan. _923807 |
|
| 245 | 1 | 0 |
_aCategorical data analysis / _cAlan Agresti. |
| 250 | _a2nd ed. | ||
| 260 |
_aNew York : _bWiley-Interscience, _cc2002. |
||
| 300 |
_axv, 710 p. : _bill. ; _c24 cm. |
||
| 440 | 0 |
_aWiley series in probability and statistics _910162 |
|
| 504 | _aIncludes bibliographical references (p. 655-688) and indexes. | ||
| 650 | 0 |
_aMultivariate analysis. _93579 |
|
| 856 | 4 | 2 |
_3Contributor biographical information _uhttp://www.loc.gov/catdir/bios/wiley042/2002068982.html |
| 856 | 4 | 2 |
_3Publisher description _uhttp://www.loc.gov/catdir/description/wiley034/2002068982.html |
| 856 | 4 | 1 |
_3Table of contents _uhttp://www.loc.gov/catdir/toc/wiley024/2002068982.html |
| 906 |
_a7 _bcbc _corignew _d1 _eocip _f20 _gy-gencatlg |
||
| 942 |
_2ddc _cBOOKS _n0 |
||
| 999 |
_c23127 _d23127 |
||